[Event "Portugal Open 2020"]
[Site "Lisbon"]
[Date "2020.01.26"]
[Round "2.24"]
[White "Xu, Yang"]
[Black "Sousa, Andre Ventura"]
[Result "0-1"]
[WhiteElo "2359"]
[BlackElo "2391"]
[Annotator "NA"]
[PlyCount "96"]
[EventDate "2020.01.25"]
[EventType "swiss"]
[EventCountry "POR"]
[SourceTitle "playchess.com"]
[Source "ChessBase"]
[SourceQuality "1"]
[TimeControl "5400+30"]

1. Nf3 {[%emt 0:00:00]} Nf6 {[%emt 0:03:00]} 2. g3 {[%emt 0:00:00]} g6 {[%emt 0:00:08]} 3. Bg2 {[%emt 0:00:00]} Bg7 {[%emt 0:00:04]} 4. O-O {[%emt 0:00:00]} d5 {[%emt 0:00:01]} 5. d4 {[%emt 0:00:00]} c6 {[%emt 0:00:04]} 6. c4 {[%emt 0:00:21]} dxc4 {[%emt 0:00:10]} 7. Ne5 {[%emt 0:02:25]} Ng4 {[%emt 0:00:08]} 8. Nf3 {[%emt 0:18:07]} O-O {[%emt 0:02:08]} 9. e4 {[%emt 0:02:55]} e5 {[%emt 0:08:31]} 10. h3 {[%emt 0:15:55]} exd4 {[%emt 0:00:03]} 11. hxg4 {[%emt 0:00:07]} Bxg4 {[%emt 0:00:06]} 12. Qe1 {[%emt 0:09:27]} Na6 {[%emt 0:12:22]} 13. Nh2 {[%emt 0:03:25]} Be6 {[%emt 0:01:46]} 14. f4 {[%emt 0:02:44]} Re8 {[%emt 0:04:05]} 15. Qd1 {[%emt 0:05:59]} Nc5 {[%emt 0:09:48]} 16. Nd2 {[%emt 0:10:03]} c3 {[%emt 0:05:26]} 17. Nb3 {[%emt 0:04:15]} Nxb3 18. axb3 {[%emt 0:00:19]} Qb6 {[%emt 0:06:09]} 19. Kh1 {[%emt 0:08:16]} Bxb3 {[%emt 0:00:20]} 20. Qf3 {[%emt 0:01:09]} cxb2 {[%emt 0:06:47]} 21. Bxb2 {[%emt 0:00:06]} Bc2 {[%emt 0:00:02]} 22. Ba3 {[%emt 0:06:12]} Bxe4 {[%emt 0:01:29]} 23. Qf2 {[%emt 0:00:30]} Bxg2+ {[%emt 0:05:52]} 24. Qxg2 {[%emt 0:00:07]} d3 {[%emt 0:02:09]} 25. Ra2 {[%emt 0:01:23]} Qb3 {[%emt 0:08:11]} 26. Bc1 {[%emt 0:01:52]} c5 {[%emt 0:00:28]} 27. f5 {[%emt 0:03:30]} gxf5 {[%emt 0:06:55]} 28. Ra3 {[%emt 0:01:02]} Qc4 {[%emt 0:01:01]} 29. Qf3 {[%emt 0:01:06]} Rad8 {[%emt 0:01:11]} 30. Rd1 {[%emt 0:01:47]} b5 {[%emt 0:04:46]} 31. Bg5 {[%emt 0:00:41]} f6 {[%emt 0:04:48]} 32. Be3 {[%emt 0:00:56]} Bf8 {[%emt 0:01:28]} 33. Rxa7 {[%emt 0:00:20]} Qe4 {[%emt 0:00:27]} 34. Bf4 {[%emt 0:01:02]} c4 {[%emt 0:00:16]} 35. Rc7 {[%emt 0:00:49]} Rc8 {[%emt 0:01:46]} 36. Rb7 {[%emt 0:00:33]} Rc5 {[%emt 0:01:14]} 37. Qxe4 {[%emt 0:00:10]} Rxe4 {[%emt 0:01:31]} 38. Nf3 {[%emt 0:00:55]} Rd5 {[%emt 0:00:18]} 39. Bd2 {[%emt 0:00:06]} Re2 {[%emt 0:02:45]} 40. Ra1 {[%emt 0:00:21]} Rxd2 {[%emt 0:00:52]} 41. Nxd2 {[%emt 0:00:06]} c3 {[%emt 0:00:02]} 42. Kg2 {[%emt 0:01:27]} cxd2 {[%emt 0:00:16]} 43. Rd1 {[%emt 0:00:20]} Bb4 {[%emt 0:00:23]} 44. Rb8+ {[%emt 0:00:27]} Kg7 {[%emt 0:00:05]} 45. Rb7+ {[%emt 0:00:14]} Kg6 {[%emt 0:00:10]} 46. Kf3 {[%emt 0:00:07]} Re5 {[%emt 0:00:15]} 47. Ra7 {[%emt 0:00:06]} Bc3 {[%emt 0:00:18]} 48. Rh1 {[%emt 0:00:25]} Re1 {[%emt 0:00:24]} 0-1

[Event "Portugal Open 2020"]
[Site "Lisbon"]
[Date "2020.01.26"]
[Round "2.25"]
[White "Vasli, Aref"]
[Black "Fernandes, Ricardo Paulos"]
[Result "1-0"]
[WhiteElo "2391"]
[BlackElo "2100"]
[Annotator "NA"]
[PlyCount "125"]
[EventDate "2020.01.25"]
[EventType "swiss"]
[EventCountry "POR"]
[SourceTitle "playchess.com"]
[Source "ChessBase"]
[SourceQuality "1"]
[TimeControl "5400+30"]

1. d4 {[%emt 0:00:00]} Nf6 {[%emt 0:06:04]} 2. Bg5 {[%emt 0:00:07]} e6 {[%emt 0:00:21]} 3. e3 {[%emt 0:04:19]} Be7 {[%emt 0:00:14]} 4. Nd2 {[%emt 0:01:21]} d5 {[%emt 0:01:28]} 5. Bd3 {[%emt 0:00:20]} Nbd7 {[%emt 0:00:12]} 6. Ngf3 {[%emt 0:00:14]} c5 {[%emt 0:02:36]} 7. c3 {[%emt 0:00:10]} b6 {[%emt 0:05:53]} 8. O-O {[%emt 0:00:27]} Bb7 {[%emt 0:00:08]} 9. Qb1 {[%emt 0:06:49]} h6 {[%emt 0:04:20]} 10. Bf4 {[%emt 0:01:55]} O-O {[%emt 0:04:35]} 11. h3 {[%emt 0:01:58]} Rc8 {[%emt 0:02:22]} 12. Re1 {[%emt 0:00:16]} c4 {[%emt 0:01:43]} 13. Bc2 {[%emt 0:03:40]} b5 {[%emt 0:00:05]} 14. e4 {[%emt 0:11:27]} dxe4 {[%emt 0:02:48]} 15. Nxe4 {[%emt 0:00:12]} Nxe4 {[%emt 0:00:04]} 16. Bxe4 {[%emt 0:00:24]} Bxe4 {[%emt 0:02:23]} 17. Qxe4 {[%emt 0:01:24]} Nf6 {[%emt 0:00:13]} 18. Qc2 {[%emt 0:01:44]} Nd5 {[%emt 0:00:37]} 19. Bd2 {[%emt 0:05:57]} Bd6 {[%emt 0:04:48]} 20. Re4 {[%emt 0:03:21]} Qf6 {[%emt 0:02:31]} 21. Rae1 {[%emt 0:10:02]} Bf4 {[%emt 0:03:00]} 22. Qc1 {[%emt 0:04:33]} Bxd2 {[%emt 0:02:44]} 23. Qxd2 {[%emt 0:00:03]} Qe7 {[%emt 0:01:50]} 24. Rg4 {[%emt 0:07:07]} Nf6 {[%emt 0:03:16]} 25. Rh4 {[%emt 0:02:36]} Rfd8 {[%emt 0:01:15]} 26. Ne5 {[%emt 0:01:36]} Rd5 {[%emt 0:02:21]} 27. Rf4 {[%emt 0:01:35]} Rf8 {[%emt 0:05:14]} 28. a4 {[%emt 0:08:20]} a6 {[%emt 0:02:25]} 29. axb5 {[%emt 0:00:16]} axb5 {[%emt 0:00:12]} 30. Ra1 {[%emt 0:02:45]} Qc7 {[%emt 0:05:43]} 31. Qe3 {[%emt 0:06:15]} Nd7 {[%emt 0:08:24]} 32. Ng4 {[%emt 0:01:35]} h5 {[%emt 0:01:46]} 33. Nh2 {[%emt 0:01:38]} g6 {[%emt 0:01:07]} 34. Nf3 {[%emt 0:01:38]} Kg7 {[%emt 0:00:07]} 35. h4 {[%emt 0:00:28]} Nf6 {[%emt 0:04:19]} 36. Ne5 {[%emt 0:00:14]} Nd7 {[%emt 0:00:17]} 37. Nf3 {[%emt 0:01:24]} Nf6 {[%emt 0:00:04]} 38. g3 {[%emt 0:00:29]} Rd7 {[%emt 0:02:17]} 39. Qe2 {[%emt 0:02:22]} Nd5 {[%emt 0:00:32]} 40. Re4 {[%emt 0:00:02]} Nf6 {[%emt 0:00:16]} 41. Re5 {[%emt 0:00:57]} Rd5 {[%emt 0:00:09]} 42. Rg5 {[%emt 0:01:00]} Rfd8 {[%emt 0:02:05]} 43. Rxd5 {[%emt 0:01:13]} Rxd5 {[%emt 0:00:33]} 44. Ng5 {[%emt 0:00:33]} Nh7 {[%emt 0:02:30]} 45. Ne4 {[%emt 0:00:40]} Nf6 {[%emt 0:01:41]} 46. Nc5 {[%emt 0:02:23]} Nd7 {[%emt 0:02:46]} 47. Na6 {[%emt 0:00:13]} Qa7 {[%emt 0:00:58]} 48. Ra3 {[%emt 0:00:27]} Rf5 {[%emt 0:00:51]} 49. Nb4 {[%emt 0:02:03]} Qb7 {[%emt 0:00:07]} 50. Nc2 {[%emt 0:00:07]} Rd5 {[%emt 0:01:29]} 51. Ra1 {[%emt 0:00:38]} Nf6 {[%emt 0:00:06]} 52. Qf3 {[%emt 0:01:31]} Rd7 {[%emt 0:01:21]} 53. Qf4 {[%emt 0:00:03]} Qe4 {[%emt 0:01:19]} 54. Qxe4 {[%emt 0:01:18]} Nxe4 {[%emt 0:00:01]} 55. Ra6 {[%emt 0:00:35]} Rd6 {[%emt 0:00:31]} 56. Ra7 {[%emt 0:00:31]} Rb6 {[%emt 0:00:23]} 57. Ne3 {[%emt 0:01:24]} b4 {[%emt 0:01:58]} 58. Nxc4 {[%emt 0:00:44]} bxc3 {[%emt 0:00:05]} 59. bxc3 {[%emt 0:00:08]} Rb1+ {[%emt 0:00:05]} 60. Kg2 {[%emt 0:00:11]} Rc1 {[%emt 0:01:07]} 61. Ne5 {[%emt 0:00:17]} Rxc3 {[%emt 0:03:39]} 62. Rxf7+ {[%emt 0:00:11]} Kg8 {[%emt 0:00:06]} 63. Rf4 {[%emt 0:00:12]} 1-0

[Event "Portugal Open 2020"]
[Site "Lisbon"]
[Date "2020.01.26"]
[Round "2.26"]
[White "Maloberti, David"]
[Black "Alshameary Puente, Ismael"]
[Result "0-1"]
[WhiteElo "2017"]
[BlackElo "2385"]
[Annotator "TA"]
[PlyCount "110"]
[EventDate "2020.01.25"]
[EventType "swiss"]
[EventCountry "POR"]
[SourceTitle "playchess.com"]
[Source "ChessBase"]
[SourceQuality "1"]

{[%evp 16,134,3,-6,7,1,41,20,28,19,20,20,22,20,29,23,31,14,79,58,109,48,53,47,90,75,101,102,131,168,183,189,196,-29,-29,-54,37,0,0,0,0,0,0,-103,-57,-158,-104,-158,-75,-80,-8,-169,-120,-147,-116,-164,-171,-193,-187,-180,-195,-185,-127,-157,-125,-148,93,-98,-68,-143,-125,-133,155,152,446,416,797,-5,-5,0,0,-389,-388,-319,-257,-255,-252,-214,0,-214,-137,-334,-344,-348,-343,-372,-266,-247,-275,-382,-381,-704,-711,-779,-754,-892,-712,-677,-493,-604,-496,-1176,-1160,-5181,-5181,-1576,-1416,-4812,29996,-1296,-437]} 1. d4 Nf6 2. c4 e6 3. Nf3 Bb4+ 4. Bd2 Qe7 5. a3 Bxd2+ 6. Nbxd2 d6 7. e4 e5 8. d5 O-O 9. Bd3 Nh5 {E11: Bogo-Indian.} 10. g3 Nd7 11. O-O {[#]} Nc5 $146 {The position is equal.} ({Predecessor:} 11... g6 12. b4 Ng7 13. Nh4 f5 14. Ng2 f4 15. g4 h5 16. h3 g5 17. f3 Rf7 {0-1 (64) Pavlenko,K (2012)-Yakimenko,V (2012) Krasnodar 2014}) 12. Bc2 Bh3 13. Re1 a5 14. b4 axb4 15. axb4 Na6 16. Qb1 g6 (16... c5 $11) 17. Re3 f5 (17... Rab8 $14) 18. Rea3 (18. c5 $16) 18... Rab8 19. Bd3 f4 20. Qb3 Bg4 {White must now prevent ...Bxf3.} 21. Be2 Rf7 22. c5 $1 fxg3 23. hxg3 dxc5 24. d6 $2 (24. b5 $1 $18 {[%cal Rb5a6]} Nb4 25. Nxe5 $1 {[%mdl 512]} Qxe5 26. Bxg4) 24... cxd6 $11 25. Bc4 Rbf8 (25... cxb4 $15 26. Bxf7+ Qxf7 27. Qxf7+ Kxf7) 26. b5 Nc7 $1 27. Bxf7+ Rxf7 28. b6 Ne6 $1 29. Qe3 (29. Ra8+ $11 Rf8 30. Rxf8+ Kxf8 31. Nh2) 29... Kg7 $17 30. Nh2 ({White should try} 30. Ra8 $15) 30... Bh3 (30... Nf6 $142 31. Ra8 Bh3) 31. Ra8 (31. Nhf3 $142) 31... Nd4 (31... Nf6 $142 $1 32. Rb8 Qd7) 32. R1a7 Nc6 ({Better is} 32... Qd7 $1 $17 {Hoping for ...Nf6.} 33. Rb8 Qc6) 33. Ra4 $2 (33. Nhf3 $1 $11 h6 34. Nh4) 33... Bd7 34. Nhf3 h6 $1 35. Ra3 Nf6 36. Nh2 Nd4 37. R3a7 Bc6 38. Rc8 {[#]} Qe6 (38... c4 $1 $19 {[%mdl 512] aiming for ...c3!} 39. Nxc4 Qe6 {[%mdl 64] Double Attack} 40. Rxc6 Nxc6) 39. Raa8 Qh3 40. Rc7 Ne6 $2 (40... Bb5 $17 {stays on course.} 41. g4 Qxe3 42. fxe3 Ne6) 41. Rxf7+ $2 (41. Rxc6 $1 $16 bxc6 42. Nc4) 41... Kxf7 $15 42. Rc8 (42. Nhf3 $15) 42... Nd4 $1 $17 43. Rc7+ Ke6 $2 {[%mdl 8192]} (43... Kf8 $17 {keeps the pressure on.} 44. g4 Qxe3 45. fxe3 Nb5 46. Rc8+ Kf7) 44. Nhf3 $16 {And now Nxd4+ would win.} Nxf3+ $2 (44... Nd7 $16 {was called for.}) 45. Qxf3 $18 {Qb3+ is the strong threat.} c4 {[#]} (45... Nd7 $142 46. Nc4 Qh5) 46. Qc3 $2 (46. Rxc6 $1 $18 {[%mdl 512]} Qh5 {[#]} (46... bxc6 47. b7) 47. Rxd6+ $3 {[%mdl 576] Deflection} Kxd6 48. Qxf6+ Kc5 49. Qe7+ {[%mdl 64] Double Attack} Kb5 50. Qd7+ Kxb6 51. Nxc4+ Kc5 52. Qd5+ Kb4 53. Nxe5) 46... Nxe4 $40 {[%mdl 128] Black is up to no good.} 47. Qxc4+ {[%mdl 64] Double Attack} Bd5 48. Qa4 $2 {[%mdl 8192]} (48. Qd3 $11 Qh1+ {[%mdl 64] Deflection, Decoy} 49. Kxh1 Nxf2+ {[%mdl 64] Double Attack, Discovered Attack (Double check)} 50. Kg1 Nxd3 51. Rg7) 48... Nf6 $19 {[%csl Gd5][%cal Rh3h1]} 49. f3 Qxg3+ 50. Kf1 Qh3+ 51. Kg1 Qg3+ 52. Kf1 Qf4 53. Qa8 $2 (53. Qxf4 $17 exf4 54. Rg7) 53... Kf5 ({Inferior is} 53... Qxd2 54. Qc8+ Nd7 55. Qxd7+ Kf6 56. Qxd6+ Kg5 57. Qxe5+ Kh4 58. Qe2 $16) 54. Ke2 Qh2+ 55. Kd3 Bxf3 {Played: Qh2-f2} 0-1

[Event "Portugal Open 2020"]
[Site "Lisbon"]
[Date "2020.01.26"]
[Round "2.27"]
[White "Sarkar, Justin"]
[Black "Chennaoui, Yasin"]
[Result "1-0"]
[WhiteElo "2385"]
[BlackElo "2093"]
[Annotator "NA"]
[PlyCount "135"]
[EventDate "2020.01.25"]
[EventType "swiss"]
[EventCountry "POR"]
[SourceTitle "playchess.com"]
[Source "ChessBase"]
[SourceQuality "1"]
[TimeControl "5400+30"]

1. d4 {[%emt 0:23:18]} Nf6 {[%emt 0:00:00]} 2. c4 {[%emt 0:00:08]} e6 {[%emt 0:00:00]} 3. Nc3 {[%emt 0:00:15]} d5 {[%emt 0:00:00]} 4. Bg5 {[%emt 0:02:27]} Be7 {[%emt 0:00:00]} 5. e3 {[%emt 0:00:22]} Nbd7 {[%emt 0:00:55]} 6. Nf3 {[%emt 0:01:41]} h6 {[%emt 0:00:48]} 7. Bh4 {[%emt 0:00:12]} dxc4 {[%emt 0:05:29]} 8. Bxc4 {[%emt 0:00:27]} a6 {[%emt 0:00:07]} 9. a4 {[%emt 0:05:09]} c5 {[%emt 0:00:15]} 10. O-O {[%emt 0:01:04]} cxd4 {[%emt 0:13:43]} 11. exd4 {[%emt 0:02:22]} O-O {[%emt 0:06:42]} 12. Qe2 {[%emt 0:12:39]} Nb6 {[%emt 0:08:15]} 13. Bb3 {[%emt 0:01:35]} Nbd5 {[%emt 0:01:34]} 14. Ne5 {[%emt 0:01:32]} Nxc3 {[%emt 0:09:25]} 15. bxc3 {[%emt 0:00:05]} Nd5 {[%emt 0:00:07]} 16. Bxe7 {[%emt 0:00:23]} Qxe7 {[%emt 0:03:02]} 17. Ng6 {[%emt 0:04:59]} fxg6 {[%emt 0:00:22]} 18. Bxd5 {[%emt 0:00:03]} Qc7 {[%emt 0:03:23]} 19. Bxe6+ {[%emt 0:03:36]} Kh7 {[%emt 0:01:49]} 20. Qc4 {[%emt 0:03:20]} Qf4 {[%emt 0:09:16]} 21. Bd5 {[%emt 0:04:47]} b5 {[%emt 0:01:06]} 22. Qc5 {[%emt 0:08:04]} Rb8 {[%emt 0:00:33]} 23. Bc6 {[%emt 0:02:46]} Bg4 {[%emt 0:08:20]} 24. axb5 {[%emt 0:04:54]} axb5 {[%emt 0:02:52]} 25. d5 {[%emt 0:04:16]} b4 {[%emt 0:12:51]} 26. cxb4 {[%emt 0:00:13]} Qxb4 {[%emt 0:00:17]} 27. Qxb4 {[%emt 0:00:30]} Rxb4 {[%emt 0:00:02]} 28. f3 {[%emt 0:00:18]} Bf5 {[%emt 0:01:03]} 29. Ra7 {[%emt 0:02:02]} Kg8 {[%emt 0:02:24]} 30. Re1 {[%emt 0:01:18]} Rb1 {[%emt 0:00:50]} 31. Rxb1 {[%emt 0:01:08]} Bxb1 {[%emt 0:00:02]} 32. Kf2 {[%emt 0:00:58]} Rf7 {[%emt 0:00:10]} 33. Ra8+ {[%emt 0:00:06]} Rf8 {[%emt 0:00:05]} 34. Ra7 {[%emt 0:04:54]} Rf7 {[%emt 0:00:07]} 35. Ra1 {[%emt 0:00:02]} Bf5 {[%emt 0:03:12]} 36. Ke3 {[%emt 0:00:05]} Re7+ {[%emt 0:02:05]} 37. Kd4 {[%emt 0:00:12]} Kf7 {[%emt 0:00:08]} 38. g4 {[%emt 0:02:01]} Bc8 {[%emt 0:01:45]} 39. d6 {[%emt 0:03:04]} Re2 {[%emt 0:00:23]} 40. Ra7+ {[%emt 0:00:56]} Kf6 {[%emt 0:00:10]} 41. d7 {[%emt 0:00:41]} Bxd7 {[%emt 0:00:22]} 42. Rxd7 {[%emt 0:00:03]} Rxh2 {[%emt 0:00:41]} 43. f4 {[%emt 0:01:44]} g5 {[%emt 0:03:28]} 44. fxg5+ {[%emt 0:00:23]} hxg5 {[%emt 0:00:51]} 45. Ke3 {[%emt 0:00:38]} Rh3+ {[%emt 0:01:00]} 46. Bf3 {[%emt 0:00:20]} Kg6 {[%emt 0:02:17]} 47. Rd6+ {[%emt 0:00:32]} Kh7 {[%emt 0:00:13]} 48. Rd1 {[%emt 0:00:17]} Kh6 {[%emt 0:00:18]} 49. Rh1 {[%emt 0:00:19]} Rxh1 {[%emt 0:00:09]} 50. Bxh1 {[%emt 0:00:01]} Kg6 {[%emt 0:00:12]} 51. Kd4 {[%emt 0:00:04]} Kh7 {[%emt 0:00:08]} 52. Ke5 {[%emt 0:00:08]} Kg8 {[%emt 0:00:06]} 53. Kf5 {[%emt 0:00:14]} Kh7 {[%emt 0:00:06]} 54. Bd5 {[%emt 0:00:29]} Kh8 {[%emt 0:00:11]} 55. Kxg5 {[%emt 0:00:29]} Kh7 {[%emt 0:00:06]} 56. Kf5 {[%emt 0:00:49]} Kh8 {[%emt 0:00:06]} 57. Bf7 {[%emt 0:01:24]} Kh7 {[%emt 0:00:06]} 58. g5 {[%emt 0:00:31]} Kh8 {[%emt 0:00:05]} 59. Ke6 {[%emt 0:00:06]} Kh7 {[%emt 0:00:05]} 60. Ke7 {[%emt 0:00:04]} Kh8 {[%emt 0:00:09]} 61. Bg6 {[%emt 0:00:10]} Kg8 {[%emt 0:00:06]} 62. Bf5 {[%emt 0:00:19]} Kh8 {[%emt 0:00:05]} 63. Kf7 {[%emt 0:00:11]} g6 {[%emt 0:00:16]} 64. Kxg6 {[%emt 0:00:08]} Kg8 {[%emt 0:00:05]} 65. Kf6 {[%emt 0:00:07]} Kh8 {[%emt 0:00:07]} 66. g6 {[%emt 0:00:08]} Kg8 {[%emt 0:00:04]} 67. Be6+ {[%emt 0:00:04]} Kh8 {[%emt 0:00:04]} 68. g7+ {[%emt 0:00:09]} 1-0

[Event "Portugal Open 2020"]
[Site "Lisbon"]
[Date "2020.01.26"]
[Round "2.28"]
[White "Casagrande, Federico"]
[Black "Bashirli, Nail"]
[Result "0-1"]
[WhiteElo "1999"]
[BlackElo "2379"]
[Annotator "NA"]
[PlyCount "75"]
[EventDate "2020.01.25"]
[EventType "swiss"]
[EventCountry "POR"]
[SourceTitle "playchess.com"]
[Source "ChessBase"]
[SourceQuality "1"]
[TimeControl "5400+30"]

1. d4 {[%emt 0:01:58]} Nf6 {[%emt 0:00:00]} 2. c4 {[%emt 0:00:05]} e6 {[%emt 0:00:00]} 3. Nf3 {[%emt 0:00:24]} b6 {[%emt 0:00:15]} 4. g3 {[%emt 0:00:28]} Ba6 {[%emt 0:00:07]} 5. Qc2 {[%emt 0:00:23]} d5 {[%emt 0:01:23]} 6. Nbd2 {[%emt 0:01:57]} Be7 {[%emt 0:02:17]} 7. Bg2 {[%emt 0:00:40]} O-O {[%emt 0:00:10]} 8. O-O {[%emt 0:03:50]} c5 {[%emt 0:03:38]} 9. b3 {[%emt 0:05:44]} Nc6 {[%emt 0:05:16]} 10. dxc5 {[%emt 0:12:04]} bxc5 {[%emt 0:02:21]} 11. Bb2 {[%emt 0:05:55]} d4 {[%emt 0:01:40]} 12. Ne1 {[%emt 0:12:51]} Bb7 {[%emt 0:02:48]} 13. Nd3 {[%emt 0:01:03]} a5 {[%emt 0:02:00]} 14. Ba3 {[%emt 0:04:10]} Qb6 {[%emt 0:01:07]} 15. Nf3 {[%emt 0:06:22]} Nb4 {[%emt 0:01:41]} 16. Bxb4 {[%emt 0:02:05]} axb4 {[%emt 0:00:45]} 17. Nfe5 {[%emt 0:03:26]} Bxg2 {[%emt 0:00:51]} 18. Kxg2 {[%emt 0:00:32]} Qb7+ {[%emt 0:00:21]} 19. f3 {[%emt 0:01:37]} Bd6 {[%emt 0:02:02]} 20. h3 {[%emt 0:08:43]} Qc7 {[%emt 0:00:52]} 21. Ng4 {[%emt 0:01:14]} Nd7 {[%emt 0:02:10]} 22. f4 {[%emt 0:01:18]} f5 {[%emt 0:00:26]} 23. Nh2 {[%emt 0:01:19]} Qc6+ {[%emt 0:03:04]} 24. Nf3 {[%emt 0:04:14]} Nf6 {[%emt 0:01:16]} 25. Kh2 {[%emt 0:02:07]} Ne4 {[%emt 0:01:05]} 26. Nfe5 {[%emt 0:00:55]} Qc7 {[%emt 0:00:03]} 27. Rfe1 {[%emt 0:03:36]} Rfd8 {[%emt 0:01:01]} 28. Qb2 {[%emt 0:02:00]} Ra3 {[%emt 0:00:58]} 29. Rac1 {[%emt 0:03:44]} Rda8 {[%emt 0:00:43]} 30. Rc2 {[%emt 0:01:23]} Nc3 {[%emt 0:00:01]} 31. Ra1 {[%emt 0:00:47]} Qb7 {[%emt 0:00:31]} 32. h4 {[%emt 0:02:35]} Qe4 {[%emt 0:01:39]} 33. Rd2 {[%emt 0:04:01]} h6 {[%emt 0:00:17]} 34. h5 {[%emt 0:00:17]} Qe3 {[%emt 0:00:50]} 35. Rc2 {[%emt 0:01:39]} Bxe5 {[%emt 0:00:16]} 36. Nxe5 {[%emt 0:00:51]} Qf2+ {[%emt 0:00:03]} 37. Kh1 {[%emt 0:00:44]} Qxf4 38. gxf4 0-1

[Event "Portugal Open 2020"]
[Site "Lisbon"]
[Date "2020.01.26"]
[Round "2.29"]
[White "Loeffler, Stefan"]
[Black "Marzano, Carlo"]
[Result "0-1"]
[WhiteElo "2376"]
[BlackElo "2078"]
[Annotator "NA"]
[PlyCount "80"]
[EventDate "2020.01.25"]
[EventType "swiss"]
[EventCountry "POR"]
[SourceTitle "playchess.com"]
[Source "ChessBase"]
[SourceQuality "1"]
[TimeControl "5400+30"]

1. c4 {[%emt 0:01:47]} e5 {[%emt 0:00:00]} 2. g3 {[%emt 0:00:04]} Nf6 {[%emt 0:00:00]} 3. Bg2 {[%emt 0:00:04]} Nc6 {[%emt 0:00:00]} 4. Nc3 {[%emt 0:00:36]} Bc5 {[%emt 0:00:21]} 5. e3 {[%emt 0:02:18]} d5 {[%emt 0:00:14]} 6. cxd5 {[%emt 0:11:14]} Nb4 {[%emt 0:00:11]} 7. d3 {[%emt 0:00:11]} c6 {[%emt 0:02:01]} 8. Nf3 {[%emt 0:02:13]} Bg4 {[%emt 0:00:20]} 9. O-O {[%emt 0:05:46]} Nbxd5 {[%emt 0:11:32]} 10. Qb3 {[%emt 0:04:23]} Bxf3 {[%emt 0:02:59]} 11. Bxf3 {[%emt 0:01:36]} Qd7 {[%emt 0:01:03]} 12. Nxd5 {[%emt 0:33:13]} Nxd5 {[%emt 0:00:51]} 13. Qc4 {[%emt 0:01:49]} Be7 {[%emt 0:16:00]} 14. b3 {[%emt 0:01:09]} O-O {[%emt 0:07:13]} 15. Bb2 {[%emt 0:00:04]} Nb6 {[%emt 0:02:35]} 16. Qc2 {[%emt 0:01:07]} Qe6 {[%emt 0:02:18]} 17. Rad1 {[%emt 0:01:54]} f5 {[%emt 0:02:24]} 18. Rfe1 {[%emt 0:02:34]} Rae8 {[%emt 0:04:31]} 19. Bg2 {[%emt 0:04:44]} Bd6 {[%emt 0:06:37]} 20. a3 {[%emt 0:08:50]} Kh8 {[%emt 0:01:05]} 21. Qc3 {[%emt 0:01:59]} Nd5 {[%emt 0:14:05]} 22. Qc4 {[%emt 0:02:00]} Nb6 {[%emt 0:02:58]} 23. Qxe6 {[%emt 0:03:10]} Rxe6 {[%emt 0:00:02]} 24. f4 {[%emt 0:01:34]} Rfe8 {[%emt 0:00:58]} 25. Kf2 {[%emt 0:01:04]} Kg8 {[%emt 0:02:28]} 26. b4 {[%emt 0:00:29]} a6 {[%emt 0:00:51]} 27. Bf3 {[%emt 0:02:28]} g6 {[%emt 0:02:40]} 28. h4 {[%emt 0:01:06]} h5 {[%emt 0:00:21]} 29. Bc1 {[%emt 0:02:47]} Nd7 {[%emt 0:05:15]} 30. e4 {[%emt 0:00:10]} exf4 {[%emt 0:00:28]} 31. gxf4 {[%emt 0:00:29]} Be7 {[%emt 0:05:57]} 32. Kg3 {[%emt 0:00:02]} Bf6 {[%emt 0:00:07]} 33. Bd2 {[%emt 0:02:00]} fxe4 {[%emt 0:00:49]} 34. dxe4 {[%emt 0:00:02]} Nb6 {[%emt 0:01:54]} 35. e5 {[%emt 0:00:45]} Bg7 {[%emt 0:00:57]} 36. Bc3 {[%emt 0:00:16]} Kh7 {[%emt 0:01:24]} 37. Rd3 {[%emt 0:01:12]} Nc8 {[%emt 0:00:55]} 38. Rd7 {[%emt 0:00:23]} R6e7 {[%emt 0:00:52]} 39. Red1 {[%emt 0:00:15]} Nb6 {[%emt 0:00:13]} 40. Rxe7 {[%emt 0:01:28]} Rxe7 {[%emt 0:00:01]} 0-1

[Event "Portugal Open 2020"]
[Site "Lisbon"]
[Date "2020.01.26"]
[Round "2.30"]
[White "Gonzalez Trigal, Jose Luis"]
[Black "Maric, Boris"]
[Result "1/2-1/2"]
[WhiteElo "2369"]
[BlackElo "2034"]
[Annotator "NA"]
[PlyCount "100"]
[EventDate "2020.01.25"]
[EventType "swiss"]
[EventCountry "POR"]
[SourceTitle "playchess.com"]
[Source "ChessBase"]
[SourceQuality "1"]
[TimeControl "5400+30"]

1. d4 {[%emt 0:00:00]} Nf6 {[%emt 0:00:00]} 2. c4 {[%emt 0:00:00]} e6 {[%emt 0:00:00]} 3. Nf3 {[%emt 0:00:12]} b6 {[%emt 0:00:00]} 4. Nc3 {[%emt 0:01:01]} Bb4 {[%emt 0:00:09]} 5. Qc2 {[%emt 0:00:08]} Bb7 {[%emt 0:03:05]} 6. a3 {[%emt 0:00:16]} Bxc3+ {[%emt 0:00:22]} 7. Qxc3 {[%emt 0:00:07]} Ne4 {[%emt 0:06:50]} 8. Qc2 {[%emt 0:00:10]} d5 {[%emt 0:01:07]} 9. g3 {[%emt 0:02:14]} O-O {[%emt 0:00:16]} 10. Bg2 {[%emt 0:00:10]} Nd7 {[%emt 0:01:18]} 11. O-O {[%emt 0:01:59]} c5 {[%emt 0:02:54]} 12. dxc5 {[%emt 0:03:45]} Rc8 {[%emt 0:05:35]} 13. b4 {[%emt 0:06:36]} bxc5 {[%emt 0:00:18]} 14. b5 {[%emt 0:00:28]} Nb6 {[%emt 0:04:30]} 15. cxd5 {[%emt 0:18:45]} exd5 {[%emt 0:09:23]} 16. Rd1 {[%emt 0:10:44]} Qe7 {[%emt 0:04:46]} 17. e3 {[%emt 0:07:43]} Rcd8 {[%emt 0:07:57]} 18. Ne1 {[%emt 0:04:56]} Rfe8 {[%emt 0:03:29]} 19. Nd3 {[%emt 0:01:29]} h5 {[%emt 0:08:58]} 20. Rb1 {[%emt 0:17:07]} Nc4 {[%emt 0:05:50]} 21. Nf4 {[%emt 0:04:10]} h4 {[%emt 0:01:19]} 22. Bb2 {[%emt 0:02:01]} Nxb2 {[%emt 0:01:24]} 23. Qxb2 {[%emt 0:00:02]} Rd6 {[%emt 0:05:20]} 24. Rd3 {[%emt 0:05:57]} Red8 {[%emt 0:03:35]} 25. Rbd1 {[%emt 0:00:19]} d4 {[%emt 0:06:26]} 26. exd4 {[%emt 0:01:18]} Qf6 {[%emt 0:01:17]} 27. Re1 {[%emt 0:03:19]} Rxd4 {[%emt 0:02:18]} 28. Rde3 {[%emt 0:01:14]} Nd6 {[%emt 0:04:04]} 29. Bxb7 {[%emt 0:02:09]} Nxb7 {[%emt 0:00:03]} 30. Qc2 {[%emt 0:00:22]} g6 {[%emt 0:01:01]} 31. Re7 {[%emt 0:04:02]} Rd2 {[%emt 0:01:47]} 32. Qe4 {[%emt 0:00:24]} Nd6 {[%emt 0:02:36]} 33. Qe3 {[%emt 0:01:01]} Nf5 {[%emt 0:04:23]} 34. Re8+ {[%emt 0:00:06]} Rxe8 {[%emt 0:00:12]} 35. Qxe8+ {[%emt 0:00:02]} Kg7 {[%emt 0:00:26]} 36. Qe5 {[%emt 0:02:56]} Nd4 {[%emt 0:01:44]} 37. Kg2 {[%emt 0:00:22]} Nxb5 {[%emt 0:01:59]} 38. Qxc5 {[%emt 0:00:23]} Qd4 {[%emt 0:00:58]} 39. Qxd4+ {[%emt 0:00:49]} Rxd4 {[%emt 0:00:05]} 40. Re3 {[%emt 0:00:27]} Ra4 {[%emt 0:00:19]} 41. Rb3 {[%emt 0:00:24]} a6 {[%emt 0:00:15]} 42. Rd3 {[%emt 0:00:31]} Rxa3 {[%emt 0:00:48]} 43. Rd7 {[%emt 0:00:02]} hxg3 {[%emt 0:00:27]} 44. hxg3 {[%emt 0:00:02]} Rc3 {[%emt 0:00:54]} 45. Ne6+ {[%emt 0:00:55]} Kf6 {[%emt 0:00:32]} 46. Nf4 {[%emt 0:00:02]} Rc6 {[%emt 0:01:19]} 47. Rb7 {[%emt 0:00:23]} g5 {[%emt 0:00:26]} 48. Nd5+ {[%emt 0:00:28]} Ke6 {[%emt 0:00:12]} 49. Nb4 {[%emt 0:00:29]} Rd6 {[%emt 0:00:20]} 50. Nxa6 {[%emt 0:00:19]} Rxa6 {[%emt 0:00:25]} 1/2-1/2